000
00171nam a22000857a 4500
999
_c
12592
_d
12592
082
_a
150
100
_a
Charles Stangor
245
_a
Social Psychology Principles
942
_c
BK